Loading...
| Current Events | 1 | 20.00 | 100% | 100% | 0% |
| Fine Arts - Classical Music | 6 | 18.33 | 100% | 67% | 17% |
| Fine Arts - Other Fine Arts | 4 | 20.00 | 100% | 75% | 25% |
| Geography | 2 | 20.00 | 100% | 100% | 0% |
| History - American History | 2 | 25.00 | 100% | 100% | 50% |
| History - European History | 10 | 20.00 | 100% | 60% | 40% |
| History - Other History | 4 | 22.50 | 100% | 75% | 50% |
| History - World History | 4 | 25.00 | 100% | 100% | 50% |
| Literature - American Literature | 6 | 11.67 | 100% | 17% | 0% |
| Literature - British Literature | 3 | 13.33 | 67% | 67% | 0% |
| Literature - European Literature | 4 | 17.50 | 100% | 50% | 25% |
| Literature - World Literature | 5 | 18.00 | 100% | 60% | 20% |
| Mythology | 5 | 18.00 | 100% | 80% | 0% |
| Painting/Sculpture | 6 | 13.33 | 100% | 17% | 17% |
| Philosophy | 4 | 22.50 | 100% | 75% | 50% |
| Pop Culture | 1 | 20.00 | 100% | 100% | 0% |
| Religion | 8 | 21.25 | 100% | 88% | 25% |
| Science - Biology | 8 | 21.25 | 100% | 75% | 38% |
| Science - Chemistry | 5 | 12.00 | 60% | 40% | 20% |
| Science - Other Science | 4 | 12.50 | 100% | 25% | 0% |
| Science - Physics | 6 | 20.00 | 100% | 67% | 33% |
| Social Science | 5 | 22.00 | 100% | 80% | 40% |